000 01312cam a22003614a 4500
001 4668
003 FISKH
005 20240919143029.0
008 050113s2005 nyua j b 001 0 eng
010 _a 2005001105
020 _a0756611067 (pb)
020 _a0756611075 (plc)
040 _aDLC
_cDLC
_dDLC
_beng
050 _aQP121.D8655
082 _a612.2
100 1 _aDurant, Penny Raife.
245 1 0 _aSniffles, sneezes, hiccups, and coughs /
_cwritten by Penny Durant.
260 _aNew York :
_bDK Pub.,
_c2005.
300 _a32 pages :
_bcolor illustrations ;
_c23 cm
490 1 _aDk readers. Level 2
504 _aIncludes bibliographical references and index.
505 _aN
520 _a"Sniffles, Sneezes, Hiccups and Coughs is a simple introduction to the respiratory system and common things that go wrong with it. Children will love to find out about how they breathe and why they sometimes do funny hiccups and loud sneezes!"
521 8 _a590
_bLexile
521 8 _aN
_bRaz-Plus
650 0 _aRespiration
_vJuvenile literature.
650 0 _aSneezing
_vJuvenile literature.
650 0 _aCough
_vJuvenile literature.
650 0 _aHiccups
_vJuvenile literature.
906 _a7
_bcbc
_corignew
_d1
_eecip
_f20
_gy-gencatlg
942 _2ddc
_cBK
_n0
999 _c4668
_d4668